000 00793nmm a2200301 a 4500
003 AR-BaBNM
005 20251128211217.0
008 093020s1997 ||||||||||||||000 | spa||
020 _a950-9431-62-1
040 _cAR-BaBNM
245 1 0 _aMercados laborales en los ' 90
_bcinco ejemplos de América Latina
260 _aBuenos Aires
_bCIEDLA
_c1997
300 0 _a421 p.
_btablas, gráfs.
650 4 _aTRABAJO
650 4 _aFACTORES DE PRODUCCION
650 4 _aPRODUCTIVIDAD DEL TRABAJO
650 4 _aRELACIONES LABORALES
650 4 _aSALARIOS
650 4 _aECONOMIA DEL TRABAJO
651 _aMéxico
651 4 _aArgentina
651 4 _aChile
651 4 _aUruguay
653 _aMERCOSUR
700 1 _aSchönbohm, Horst
_eprologuista
942 _cBK
998 _cMariana
999 _c18729
_d18729